000 00704nam a2200253Ia 4500
003 OSt
005 20220918202540.0
006 a|||||r|||| 00| 0
007 ta
008 220917b |||||||| |||| 00| 0 eng d
024 _a102,039
037 _cTextual
040 _aARTS
_cARTS
_beng
041 _2eng
_aeng
082 _aV222:10X:5:M1, K7
100 _aDasgupta Ashin
_9104281
245 0 _aMalabar in Asian trade 1740-1800
260 _aCambridge
_bCambridge Universsity Press
_c1967
300 _a204p
_ccm.
490 _aCambridge South Asian Studies
650 _aHISTORY
942 _hV222:10X:5:M1, K7
_cTEXL
_2CC
999 _c225499
_d225499